书目信息 |
| 题名: |
数学公式
|
|
| 作者: | 奈茨 主编 ;石胜文 译 | |
| 分册: | ||
| 出版信息: | 北京 海洋出版社 1983 |
|
| 页数: | 708页 | |
| 开本: | 19cm | |
| 丛书名: | ||
| 单 册: | ||
| 中图分类: | O1 | |
| 科图分类: | ||
| 主题词: | 数学 , 公式(数学) | |
| 电子资源: | ||
| ISBN: | ||
| 000 | 00674nam0 2200253 45 | |
| 001 | 0183007673 | |
| 005 | 20070925103922.96 | |
| 010 | @dCNY3.00 | |
| 091 | @a13193.0144 | |
| 100 | @a19960215d1983 em y0chiy0121 ea | |
| 101 | 1 | @achi@cger |
| 102 | @aCN@b110000 | |
| 105 | @ay z 000yy | |
| 200 | 10 | @a数学公式@Ashu xue gong shi@f(德)H·奈茨主编@F(de)H·nai ci zhu bian@g石胜文译 |
| 210 | @a北京@c海洋出版社@d1983 | |
| 215 | @a708页@d19cm | |
| 510 | 1 | @aFormcln der mathmatik@zger |
| 606 | 0 | @a数学 |
| 606 | @a公式(数学) | |
| 690 | @aO1@v3 | |
| 701 | 0 | @a奈茨@Anai ci@4主编 |
| 702 | 0 | @a石胜文@Ashi sheng wen@4译 |
| 801 | 0 | @aCN@bNLC@c20070925 |
| 905 | @dO1@e103 | |
| 数学公式/(德)H·奈茨主编/石胜文译.-北京:海洋出版社,1983 |
| 708页;19cm |
| ISBN :CNY3.00 |
| ● |
| 相关链接 |
|
|
|
|
正题名:数学公式
索取号:O1/103
 
预约/预借
| 序号 | 登录号 | 条形码 | 馆藏地/架位号 | 状态 | 备注 |
| 1 | 0088076 | 001947950 | 密集书库/ [索取号:O1/103] | 在馆 | |
| 2 | 0088077 | 001702483 | 密集书库/ [索取号:O1/103] | 在馆 | |
| 3 | 0088078 | 001246958 | 第三借阅区/ [索取号:O1/103] | 在馆 | |
| 4 | 0088080 | 001246967 | 第二样本阅览室/ [索取号:O1/103] | 在馆 | |
| 5 | 0420086 | 204200863 | 密集书库/ [索取号:O1/103] | 在馆 | |
| 6 | 0609736 | 206097365 | 密集书库/ [索取号:O1/103] | 在馆 |